Pólisti ČH Košice do Kanady prvý zájazd v histórii čs. póla za more

Bibliographic Details
Main Author: (mr) (Author)
Format: Article
Language:Slovak
Subjects:

MARC

LEADER 00000nab a2200000u 4500
001 vtls012086548
003 SK-MaSNL
005 20260303202807.0
008 220208|19650323xo ||||||| ||00 ||slo|
038 |a KEVKJB 
040 |a KEVKJB  |b slo  |e rda 
041 0 |a slo 
043 |a e-xo--- 
044 |a xo  |c SK 
072 7 |a 797  |x Vodné športy. Letecké športy  |2 konspekt 
080 |a 797.253  |2 2011 
100 1 |a (mr)  |4 aut  |9 839700 
245 1 0 |a Pólisti ČH Košice do Kanady  |b prvý zájazd v histórii čs. póla za more  |c [autor] (mr) 
336 |a text  |b txt  |2 rdacontent 
337 |a bez média  |b n  |2 rdamedia 
338 |a zväzok  |b nc  |2 rdacarrier 
610 2 7 |a ČH Košice  |2 kevkjb  |9 1234781 
650 0 7 |a vodné pólo  |2 SNKPH  |9 3219 
651 7 |a Košice (Slovensko)  |2 SNKPHgeo  |9 18694 
773 0 |t Východoslovenské noviny  |g Roč. XIV., č. 70 (23.3.1965), s. 3 
852 |a KEVKJB  |b KIS3GCP 
999 |c 2181813  |d 2183743